生命産業時代 : バイオテクノロジーの衝撃

Salvato in:
Dettagli Bibliografici
Ente Autore: 日経産業新聞
Natura: Libro
Lingua:Undetermined
Pubblicazione: 東京 日本経済新聞社 1981
Soggetti:
Tags: Aggiungi Tag
Nessun Tag, puoi essere il primo ad aggiungerne! !
Thư viện lưu trữ: Trung tâm Học liệu Trường Đại học Cần Thơ
LEADER 00541nam a2200193Ia 4500
001 CTU_89115
008 210402s9999 xx 000 0 und d
082 |a 574.88 
082 |b N692 
110 |a 日経産業新聞 
245 0 |a 生命産業時代 : 
245 0 |b バイオテクノロジーの衝撃 
245 0 |c 日経産業新聞 
260 |a 東京 
260 |b 日本経済新聞社 
260 |c 1981 
650 |a Biotechnology,Biotechnology 
904 |i Ngoc 
980 |a Trung tâm Học liệu Trường Đại học Cần Thơ